[Event "Final Kubka SZFO "Â" 2018"]
[Site "?"]
[Date "2018.12.08"]
[Round "6"]
[White "Galchenko, Matvey"]
[Black "Khlebovich, Alexander"]
[Result "1/2-1/2"]
[WhiteElo "2379"]
[BlackElo "2370"]
[PlyCount "79"]
[EventDate "2018.12.08"]
[SourceDate "2018.12.09"]

1. c4 c5 2. Nf3 Nc6 3. Nc3 g6 4. g3 Bg7 5. Bg2 d6 6. O-O e5 7. d3 Nge7 8. Ne1
O-O 9. Nc2 Be6 10. Ne3 Qd7 11. Ned5 Bh3 12. Ne4 Nxd5 13. Bxh3 Qxh3 14. cxd5 Nd8
15. f4 Qd7 16. fxe5 dxe5 17. Qb3 b6 18. Rf6 Nb7 19. Bd2 Rad8 20. Qa3 Qxd5 21.
Qxa7 Nd6 22. Rxd6 Rxd6 23. Nxd6 Qd4+ 24. Kg2 Qxd6 25. Qa4 f5 26. Qc4+ Kh8 27.
b4 e4 28. Rc1 exd3 29. Qxd3 Qxd3 30. exd3 Ra8 31. Rc2 Bd4 32. bxc5 bxc5 33. Kf3
Kg7 34. Be3 Kf6 35. Bxd4+ cxd4 36. h4 Ra3 37. Ke2 Ke5 38. Rb2 Kf6 39. Rb6+ Ke5
40. Rb5+ 1/2-1/2

[Event "Final Kubka SZFO "Â" 2018"]
[Site "?"]
[Date "2018.12.08"]
[Round "6"]
[White "Chukavin, Kirill"]
[Black "Jezov, Roman"]
[Result "1-0"]
[WhiteElo "2277"]
[BlackElo "2273"]
[PlyCount "109"]
[EventDate "2018.12.08"]
[SourceDate "2018.12.09"]

1. e4 c6 2. d4 d5 3. e5 c5 4. dxc5 e6 5. Nf3 Nc6 6. a3 Bd7 7. Bd3 a5 8. O-O
Bxc5 9. Qe2 Nge7 10. h4 Nf5 11. Bxf5 exf5 12. Rd1 Be6 13. Nc3 Qd7 14. Be3 Bxe3
15. Qxe3 Ne7 16. a4 O-O 17. Nb5 Rfc8 18. c3 Ra6 19. Rd4 Rc4 20. Rad1 Rac6 21.
g3 h6 22. Ne1 Rxd4 23. Nxd4 Rc8 24. Nb5 Rc4 25. b3 Re4 26. Qd2 d4 27. Nxd4 Nc6
28. Nec2 Rxe5 29. Ne3 f4 30. gxf4 Rh5 31. f5 Nxd4 32. Qxd4 Qxd4 33. Rxd4 Bxf5
34. Rd5 Bg6 35. Rxh5 Bxh5 36. Nc4 Bf3 37. Nxa5 f5 38. Nc4 Kf8 39. Nd2 Bd1 40.
f4 Kf7 41. Kf2 Kf6 42. a5 g5 43. hxg5+ hxg5 44. fxg5+ Kxg5 45. c4 Bh5 46. b4
Kf4 47. b5 Ke5 48. Nf3+ Kd6 49. Ke3 Kc5 50. Ne5 Be8 51. b6 Ba4 52. Nd3+ Kc6 53.
Kd4 Bd1 54. Ne5+ Kd6 55. c5+ 1-0

[Event "Final Kubka SZFO "Â" 2018"]
[Site "?"]
[Date "2018.12.08"]
[Round "6"]
[White "Schekachikhin, Maksim"]
[Black "Toivonen, Alexander V."]
[Result "1-0"]
[WhiteElo "2368"]
[BlackElo "2343"]
[PlyCount "83"]
[EventDate "2018.12.08"]
[SourceDate "2018.12.09"]

1. e4 e5 2. Bc4 Nf6 3. d3 Bc5 4. Nc3 d6 5. Na4 Nbd7 6. Nf3 c6 7. Nxc5 Nxc5 8.
b4 Ne6 9. O-O O-O 10. a4 h6 11. Re1 Nh7 12. d4 Nhg5 13. Nxg5 Nxg5 14. dxe5 dxe5
15. Qxd8 Rxd8 16. Bb2 Re8 17. Rad1 Be6 18. Bxe6 Rxe6 19. Rd7 b6 20. h4 Nh7 21.
Red1 Nf6 22. Rd8+ Re8 23. Rxe8+ Rxe8 24. f3 Nh5 25. Rd7 f6 26. Kf2 a5 27. bxa5
bxa5 28. Bc3 Rb8 29. Rc7 Rb1 30. Rxc6 Rh1 31. Bxa5 Ra1 32. Rc4 Nf4 33. Bb6 Kf7
34. Rc7+ Kg6 35. a5 Ra2 36. g3 Nd3+ 37. Ke2 Nb4 38. Kd2 h5 39. Kc3 Na6 40. Ra7
Nb8 41. Ra8 Nd7 42. Rd8 1-0

[Event "Final Kubka SZFO "Â" 2018"]
[Site "?"]
[Date "2018.12.08"]
[Round "6"]
[White "Schukin, Dmitry"]
[Black "Blinkov, Pavel"]
[Result "0-1"]
[WhiteElo "2272"]
[BlackElo "2305"]
[PlyCount "155"]
[EventDate "2018.12.08"]
[SourceDate "2018.12.09"]

1. e4 c5 2. Nf3 e6 3. d4 cxd4 4. Nxd4 Bc5 5. Nb3 Bb6 6. Na3 Qh4 7. Qe2 Nf6 8.
Nc4 Bc7 9. e5 Nd5 10. g3 Qe7 11. Bg2 O-O 12. O-O Nc6 13. f4 f6 14. Ne3 Nb6 15.
exf6 Qxf6 16. Ng4 Qe7 17. Be3 d6 18. Rae1 Bd7 19. c4 Nc8 20. c5 d5 21. Nd4 Nd8
22. Bf2 Ba5 23. Rc1 Be8 24. a3 h5 25. Ne5 Qf6 26. b4 Bc7 27. Rfe1 Ne7 28. Qd3
Ng6 29. Nxg6 Bxg6 30. Qe3 Re8 31. Nb5 Bb8 32. Qd2 Nc6 33. Bd4 Nxd4 34. Qxd4 Bf7
35. c6 bxc6 36. Rxc6 a6 37. Qxf6 gxf6 38. Nd6 Bxd6 39. Rxd6 Red8 40. Rb6 Rdb8
41. Rxb8+ Rxb8 42. Bf1 Rb6 43. Kf2 Be8 44. Rd1 Rd6 45. Ke3 e5 46. fxe5 fxe5 47.
a4 Kf7 48. Bc4 Ke6 49. Bb3 Bf7 50. b5 axb5 51. axb5 Kd7 52. Kd2 Rb6 53. Ra1 Kd6
54. Ra7 Be6 55. Ra6 Kc5 56. Bd1 Bg4 57. Rxb6 Kxb6 58. h4 Bxd1 59. Kxd1 d4 60.
Ke2 e4 61. g4 hxg4 62. h5 d3+ 63. Kd2 g3 64. h6 g2 65. h7 g1=Q 66. h8=Q Qf2+
67. Kc3 Qc2+ 68. Kb4 Qc5+ 69. Kb3 Qxb5+ 70. Kc3 Qa5+ 71. Kc4 Qc5+ 72. Kb3 Qd6
73. Qh1 d2 74. Qg1+ Kc6 75. Qd1 Qd3+ 76. Kb4 Kd6 77. Ka5 e3 78. Qg4 0-1